| 000 | 01376nam a2200385 i 4500 | ||
|---|---|---|---|
| 001 | 32485 | ||
| 003 | KOSZ 005 | ||
| 005 | 20200217130042.0 | ||
| 008 | 980713s1996 pl a f f |001 0 pol | ||
| 015 | _aPB 1997/940 | ||
| 020 | _a8320420539 | ||
| 040 |
_aWA N _cWA N _dKOSZ 005/HR |
||
| 041 | 1 |
_apol _heng |
|
| 080 | _a004.42 | ||
| 080 | _a519.85 | ||
| 080 | _a510.5 | ||
| 080 | _a575 | ||
| 080 | _a(075.8) | ||
| 100 | 1 |
_aMichalewicz, Zbigniew _eAutor |
|
| 245 | 1 | 0 |
_aAlgorytmy genetyczne + struktury danych = programy ewolucyjne / _cZbigniew Michalewicz ; z ang. przeł. Zbigniew Nahorski. |
| 246 | 1 |
_iTyt. oryg.: _aGenetic algorithms + data structures = evolution programs, _f1994. |
|
| 260 |
_aWarszawa : _bWydawnictwa Naukowo-Techniczne, _c1996. |
||
| 300 |
_a430 s. : _brys., wykr. ; _c25 cm. |
||
| 380 | _aKsiążki | ||
| 504 | _aBibliogr. s. 401-416. - Indeksy. | ||
| 650 | 4 | _aOptymalizacja | |
| 650 | 4 | _aAlgorytmy genetyczne | |
| 650 | 4 | _aProgramowanie ewolucyjne | |
| 655 | 4 | _aPodręczniki akademickie | |
| 658 | _aInformatyka i technologie informacyjne | ||
| 700 | 1 |
_aNahorski, Zbigniew _d(1945- ) _eTłumaczenie |
|
| 710 | 2 |
_aWydawnictwa Naukowo-Techniczne _4pbl. |
|
| 856 |
_uhttp://koha.tu.koszalin.pl/cgi-bin/koha/opac-detail.pl?biblionumber=32485 _yKatalog online BPK |
||
| 942 |
_2UKD _cKS |
||
| 999 |
_c32485 _d32485 |
||